Library Banner

The internet (Record no. 23834)

MARC details
000 -LEADER
fixed length control field 00397nam a2200169Ia 4500
001 - CONTROL NUMBER
control field 23611
008 - FIXED-LENGTH DATA ELEMENTS--GENERAL INFORMATION
fixed length control field 140410s9999 xx 000 0 und d
020 ## - INTERNATIONAL STANDARD BOOK NUMBER
International Standard Book Number 0-340-64420-6
040 ## - CATALOGING SOURCE
Transcribing agency PK-LaUMT
082 ## - DEWEY DECIMAL CLASSIFICATION NUMBER
Classification number 004.67
Item number BRI-I
100 ## - MAIN ENTRY--PERSONAL NAME
Personal name Mac Bride
245 #4 - TITLE STATEMENT
Title The internet
Statement of responsibility, etc Mac Bride
260 ## - PUBLICATION, DISTRIBUTION, ETC. (IMPRINT)
Place of publication, distribution, etc Chicago,USA:
Name of publisher, distributor, etc Teach Yourself Books,
Date of publication, distribution, etc 1995
300 ## - PHYSICAL DESCRIPTION
Extent 214 p.
546 ## - LANGUAGE NOTE
Language note EN
942 ## - ADDED ENTRY ELEMENTS (KOHA)
Koha item type Books
Holdings
Withdrawn status Lost status Damaged status Not for loan Home library Current library Date acquired Total Checkouts Full call number Barcode Date last seen Price effective from Koha item type
        UMT Main Campus UMT Main Campus 2014-04-10   004.67 BRI-I 26589 2014-04-24 2014-04-24 Books